Geography of settlements (Record no. 65582)
[ view plain ]
| 000 -LEADER | |
|---|---|
| fixed length control field | 00396nam a2200145Ia 4500 |
| 001 - CONTROL NUMBER | |
| control field | 64482 |
| 008 - FIXED-LENGTH DATA ELEMENTS--GENERAL INFORMATION | |
| fixed length control field | 210324n ii |||gr||||Z||||||465 |
| 020 ## - INTERNATIONAL STANDARD BOOK NUMBER | |
| International Standard Book Number | 9788170334835 |
| 082 ## - DEWEY DECIMAL CLASSIFICATION NUMBER | |
| Classification number | 910.09173 |
| 100 ## - MAIN ENTRY--PERSONAL NAME | |
| Personal name | Singh, R.Y., |
| Relator term | Author., |
| 245 #0 - TITLE STATEMENT | |
| Title | Geography of settlements |
| Statement of responsibility, etc. | R.Y. Singh |
| Medium | Textual Documents |
| 260 ## - PUBLICATION, DISTRIBUTION, ETC. | |
| Place of publication, distribution, etc. | Jaipur: |
| Name of publisher, distributor, etc. | Rawat Publications. |
| 300 ## - PHYSICAL DESCRIPTION | |
| Extent | xi, 335 p.: |
| Dimensions | 24 cm. |
| 942 ## - ADDED ENTRY ELEMENTS (KOHA) | |
| Source of classification or shelving scheme | Dewey Decimal Classification |
| Koha item type | Books |
| Withdrawn status | Lost status | Damaged status | Not for loan | Collection | Home library | Current library | Date acquired | Source of acquisition | Coded location qualifier | Cost, normal purchase price | Total checkouts | Full call number | Barcode | Date last seen | Date last checked out | Copy number | Price effective from | Koha item type | Public note |
|---|---|---|---|---|---|---|---|---|---|---|---|---|---|---|---|---|---|---|---|
| Dr. Suryya Kumar Bhuyan Library | Dr. Suryya Kumar Bhuyan Library | 24/03/2021 | 23 | 00000 | 350.00 | 1 | 910.09173 Si64Ge | 2434/cu/geog | 08/11/2024 | 06/11/2024 | 1 | 24/03/2021 | Books | 23 | |||||
| Dr. Suryya Kumar Bhuyan Library | Dr. Suryya Kumar Bhuyan Library | 24/03/2021 | 23 | 00000 | 350.00 | 910.09173 Si64Ge | 2433/cu/geog | 14/01/2024 | 2 | 24/03/2021 | Books | 23 |
